| 000 | 005150000a22001930004500 | ||
|---|---|---|---|
| 020 | _a1-904364-32-2 | ||
| 041 | 0 | _aSPA | |
| 082 | 0 | 4 | _aG 262 C3231i |
| 100 | 1 | _aCarter, Isabel | |
| 245 | 1 | 0 | _aLa iglesia se moviliza / Isabel Carter ; Elisa Padilla, Alison Coz, Traductores |
| 260 | _aInglaterra : Tearfund | ||
| 300 | _a52 Pág. | ||
| 440 | 0 | _aSerie Pilares | |
| 001 | 13954 | ||
| 942 | _cBK | ||
| 999 |
_c42883 _d42883 |
||
| 336 |
_atexto _btxt _2rdacontent |
||
| 337 |
_2rdamedia _asin mediación _bn |
||
| 338 |
_2rdacarrier _avolumen _bnc |
||